00238nam a2200097Ia 4500100002100000654001600021245006300037260002000100300000800120546001200128 aMagrab/Edward B  aengineering aIntegrated Product and process design and development bCRCaNONEc1997 a306 aENGLISH